1006 1270 1817 1759 1610 1071 1146 1340 1900 1662 1265 1347 1242 1078 1784 1064 1041 1961 1091 1469 1841 1010 1313 1711 1713 1371 1229 1557 1459 1315 1455 1034 1714 1354 1715 1507 1364 1541 1867 1891 1624 1559 1980 1325 1751 1682 1019 1701 1711 1539 1880 1980 1562 1922 1773 1008 1073 1250 1683 1492 1216 1639 1890 1970 1395 1025 1554 1518 1525 1545 1250 1695 1121 1378 1520 1238 1044 1974 1216 1534 1452 1885 1564 1121 1842 1387 1220 1416 1025 1145 1664 1283 1260 1642 1199 1086 1735 1657 1374 BCNSPRNW ULIB Ver.6.0+V

เปลี่ยนเป็นภาษาไทย

Change to English
 แสดงรายละเอียดบรรณานุกรม
  กลับหน้าหลัก

Brief Record : Get Marc (ISO 2709) : E-mail record : QR code < ปิดหน้าต่าง
LEADER : 00000nam 2200000uu 4500
001    13399124491
003     ULIB
008    150804s2557||||th 000 0 tha d
020    ^a9789746758215
060 04 ^aWY100.4^bว641ก
100 0  ^aวิพร เสนารักษ์
245 10 ^aการวินิจฉัยการพยาบาล /^cวิพร เสนารักษ์
250    ^aพิมพ์ครั้งที่ 18
260    ^aขอนแก่น :^bภาควิชาการพยาบาลอายุรศาสตร์และศัลยศาสตร์คณะแพทยศาสตร์ มหาวิทยาลัยขอนแก่น,^c2557
300    ^a253 หน้า ;^c27 ซม.
650  7 ^aการพยาบาล
653    ^aการวินิจฉัยทางการพยาบาล
710 2  ^aมหาวิทยาลัยขอนแก่น.^bภาควิชาการพยาบาลอายุรศาสตร์และศัลยศาสตร์
945    ^p200^l0^i23082
945    ^p200^l0^i23083
945    ^p200^l0^i23084
945    ^p200^l0^i23085
945    ^p200^l0^i23086
945    ^p200^l0^i23087
945    ^p200^l0^i23088
945    ^p200^l0^i23089
945    ^p200^l0^i23090
945    ^p200^l0^i23091
999    ^aทศพร เกษรทอง
รายการนี้ยังไม่มีแท็ก
คุณยังไม่ได้ล็อกอิน คุณสามารถมีกิจกรรมร่วมกับเว็บไซต์ได้ แต่ต้องล็อกอินก่อน ::
  ล็อกอิน

รายการสื่อสารสนเทศ

ลำดับที่ ประเภท เลขเรียก/บาร์โค้ด สถานที่ สถานะ
1. Book การพยาบาล
Book การพยาบาล
WY100.4 ว641ก ฉ.1 
  Barcode: 23082
ห้องสมุดวิทยาเขตนครสวรรค์
►หนังสือทั่วไป:l:General Books
ถูกยืม กำหนดส่งวันที่ 17 ตุลาคม 2568
  จอง
2. Book การพยาบาล
Book การพยาบาล
WY100.4 ว641ก ฉ.10 
  Barcode: 23091
ห้องสมุดวิทยาเขตนครสวรรค์
►ส่วนจัดเก็บหนังสือเก่า นว.
บนชั้น
  ขอยืม
3. Book การพยาบาล
Book การพยาบาล
WY100.4 ว641ก ฉ.2 
  Barcode: 23083
ห้องสมุดวิทยาเขตนครสวรรค์
►ส่วนจัดเก็บหนังสือเก่า นว.
บนชั้น
  ขอยืม
4. Book การพยาบาล
Book การพยาบาล
WY100.4 ว641ก ฉ.3 
  Barcode: 23084
ห้องสมุดวิทยาเขตนครสวรรค์
►หนังสือทั่วไป:l:General Books
บนชั้น
5. Book การพยาบาล
Book การพยาบาล
WY100.4 ว641ก ฉ.4 
  Barcode: 23085
ห้องสมุดวิทยาเขตนครสวรรค์
►ส่วนจัดเก็บหนังสือเก่า นว.
บนชั้น
  ขอยืม
6. Book การพยาบาล
Book การพยาบาล
WY100.4 ว641ก ฉ.5 
  Barcode: 23086
ห้องสมุดวิทยาเขตนครสวรรค์
►ส่วนจัดเก็บหนังสือเก่า นว.
บนชั้น
  ขอยืม
7. Book การพยาบาล
Book การพยาบาล
WY100.4 ว641ก ฉ.6 
  Barcode: 23087
ห้องสมุดวิทยาเขตนครสวรรค์
►หนังสือทั่วไป:l:General Books
บนชั้น
8. Book การพยาบาล
Book การพยาบาล
WY100.4 ว641ก ฉ.7 
  Barcode: 23088
ห้องสมุดวิทยาเขตนครสวรรค์
►ส่วนจัดเก็บหนังสือเก่า นว.
บนชั้น
  ขอยืม
9. Book การพยาบาล
Book การพยาบาล
WY100.4 ว641ก ฉ.8 
  Barcode: 23089
ห้องสมุดวิทยาเขตนครสวรรค์
►ส่วนจัดเก็บหนังสือเก่า นว.
บนชั้น
  ขอยืม
10. Book การพยาบาล
Book การพยาบาล
WY100.4 ว641ก ฉ.9 
  Barcode: 23090
ห้องสมุดวิทยาเขตนครสวรรค์
►ส่วนจัดเก็บหนังสือเก่า นว.
บนชั้น
  ขอยืม

รายการใกล้เคียง
    ผู้แต่ง [วิพร เสนารักษ์]

    หัวเรื่อง [การพยาบาล]

BibComment


ยังไม่เคยถูกคอมเมนท์

คอมเมนท์ทรัพยากรรายการนี้
  คอมเมนท์: การวินิจฉัยการพย..


 Copyright 2026. Bcnsprnw @Library